000 03750cam a22012734i 4500
003 PE-LiUPU
005 20250813185642.0
008 150623s1999 pe rb 000 0 spa d
035 _a(Sirsi) i9789682449147
040 _aPE-LiUPU
_bspa
_cPE-LiUPU
_dPE-LiUPU
_erda
049 _aPRUA
082 0 4 _a320.540 985
_bS18
_221
100 1 _aSalgado Lévano, Cecilia,
_d1961-,
_eautor.
245 1 1 _a¿Quiénes somos los peruanos? :
_buna perspectiva psicológica de la identidad nacional /
_cCecilia Salgado Lévano.
264 1 _aLima, Perú :
_bUniversidad de San Martín de Porres,
_c1999.
300 _a242 p :
_bilustraciones ;
_c21 centímetros
336 _atext
_2rdacontent
337 _aunmediated
_2rdamedia
338 _avolume
_2rdacarrier
504 _aBibliografía: páginas 223-228.
505 0 _aPrimer estudio: Identidad nacional en estudiantes de psicología y educación de dos universidades del Perú. Segundo estudio: Identidad nacional en pobladores de nivel socio económico bajo de Lima metropolitana.
526 _aP202
526 _aP201
526 _aP163
526 _aP162
526 _aP161
526 _aP160
526 _aP148
526 _aP147
526 _aP146
526 _aP145
526 _aP144
526 _aP143
526 _aP142
526 _aP141
526 _aP140
526 _aP139
526 _aP138
526 _aP137
526 _aP136
526 _aP135
526 _aP134
526 _aP133
526 _aP129
526 _aP128
526 _aP127
526 _aP120
526 _aP119
526 _aP118
526 _aP116
526 _aP115
526 _aP114
526 _aP110
526 _aP109
526 _aP108
526 _aP104
526 _aP103
526 _aP102
526 _aP99
526 _aP98
526 _aP97
526 _aP96
526 _aP95
526 _aP93
526 _aP90
526 _aP89
526 _aP88
526 _aP83
526 _aP82
526 _aP62
526 _aP59
526 _aP58
526 _aP57
526 _aP51
526 _aP49
526 _aP48
526 _aP47
526 _aP29
526 _aP24
526 _aP20
526 _aP19
526 _aP17
526 _aP15
526 _aP14
526 _aP12
526 _aP10
526 _aP09
526 _aP08
526 _aP07
526 _aP06
526 _aP05
526 _aP04
526 _aP01
650 0 4 _aJuventud
_xEncuestas
_zPerú
_xCondiciones sociales.
650 0 4 _aJuventud
_zPerú
_xEncuestas.
650 0 4 _aNacionalismo
_xAspectod psicológios
_zPerú.
650 0 4 _aNacionalismo
_xEncuestas
_zPerú.
650 0 4 _aJuventud
_xCondiciones sociales
_vEncuestas
_zPerú.
710 2 _aUniversidad de San Martín de Porras (Lima)
_bFacultad de Ciencias de la Comunicación, Turismo y Psicología.
710 2 _aUniversidad de San Martín de Porras (Lima)
_bEscuela Profesional de Psicología.
942 _2ddc
_cBOOK
949 _a320.540 985 S18
_wDEWEY
_c1
_i52706
_lCCODEBUL1
_mBUL
_p4.00
_r0
_sY
_tBOOK
_u2015-6-24
_xTEOLOGIA
_PP35
_0COMPRA
_o.STAFF. Colección General
949 _a613.5839 S66
_wDEWEY
_c1
_i52705
_lCCODEBUL1
_mBUL
_p16.00
_r0
_sY
_tBOOK
_u2015-6-24
_xSALUD
_PP35
_0COMPRA
_o.STAFF. Colección General
949 _a614.44 S66
_wDEWEY
_c1
_i40737
_lCCODEBUL1
_mBUL
_r0
_sY
_tBOOK
_u2015-6-16
_xSALUD
_zUNKNOWN
_0COMPRA
_o.STAFF. Colección General
994 _aC0
_bPEPRU
596 _a1
999 _a320.540 985 S18
_wDEWEY
_c58522
_i52706
_f2021-11-11
_g5
_lCCODEBUL1
_mBUL
_p4.00
_r0
_sY
_tBOOK
_u2015-6-24
_xTEOLOGIA
_PP35
_0COMPRA
_o.STAFF. Colección Teología
_d58522
980 _81
_gALBERTO SANCHEZ Responsable de Automatización